[Event "Azores op 4th"]
[Site "Ponta Delgada"]
[Date "2017.12.10"]
[Round "7"]
[White "Guerra, Jose Antonio Goular"]
[Black "Funk, Guenther Matthias"]
[Result "1/2-1/2"]
[WhiteElo "1782"]
[BlackElo "1502"]
[PlyCount "93"]
[EventDate "2017.12.07"]
[EventType "swiss"]
[EventRounds "7"]
[EventCountry "POR"]
[SourceTitle "CBM 182 Extra"]
[Source "ChessBase"]
[SourceDate "2018.02.23"]
[SourceVersion "1"]
[SourceVersionDate "2018.02.23"]
[SourceQuality "1"]

1. Nf3 b6 2. b3 Bb7 3. e3 e6 4. Bb2 Nf6 5. Be2 Nc6 6. 0-0 h6 7. c4 Bd6 8. d4 Qe7 9. Nc3 0-0 10. e4 e5 11. d5 Nd8 12. Bd3 a6 13. a3 c6 14. Re1 Rc8 15. Qd2 Ba8 16. Nh4 Nxe4 17. Nf5 Qg5 18. Qxg5 hxg5 19. Nxd6 Nxd6 20. Na4 cxd5 21. cxd5 f6 22. Nxb6 Rb8 23. Nxd7 Rxb3 24. Nxf8 Kxf8 25. Bxa6 Rxb2 26. f3 Bb7 27. Bf1 Nc8 28. a4 Ke7 29. a5 Na7 30. Rec1 Kd7 31. Ra3 Nb5 32. Raa1 Ba6 33. Rcb1 Rxb1 34. Rxb1 Nc7 35. Rb6 Bxf1 36. Kxf1 Nf7 37. Rb8 Nd6 38. Kf2 Nc4 39. a6 Nxa6 40. Rg8 Nd6 41. Rxg7+ Kd8 42. g3 Nc5 43. h4 gxh4 44. gxh4 Nd3+ 45. Ke3 Nf4 46. Rh7 Ke8 47. Kd2 1/2-1/2

[Event "Azores op 4th"]
[Site "Ponta Delgada"]
[Date "2017.12.08"]
[Round "2"]
[White "Redondo Arguelles, Graciela"]
[Black "Guerra, Jose Antonio Goular"]
[Result "1-0"]
[WhiteElo "2031"]
[BlackElo "1782"]
[PlyCount "93"]
[EventDate "2017.12.07"]
[EventType "swiss"]
[EventRounds "7"]
[EventCountry "POR"]
[SourceTitle "CBM 182 Extra"]
[Source "ChessBase"]
[SourceDate "2018.02.23"]
[SourceVersion "1"]
[SourceVersionDate "2018.02.23"]
[SourceQuality "1"]

1. e4 c5 2. b3 e6 3. Bb2 a6 4. Nf3 d6 5. d4 cxd4 6. Nxd4 Nf6 7. Bd3 Nbd7 8. 0-0 Nc5 9. Re1 Be7 10. c4 Nxd3 11. Qxd3 0-0 12. Nc3 Qc7 13. Rad1 b6 14. Nde2 Rd8 15. Ng3 Bb7 16. Qe2 Re8 17. Rd2 Rad8 18. Red1 Rd7 19. Na4 Bc6 20. Nc3 Red8 21. a4 Bb7 22. Rd3 Qc5 23. Nb1 Qc6 24. f3 b5 25. cxb5 axb5 26. Rc1 Qa6 27. axb5 Qxb5 28. Na3 Qg5 29. Rdc3 h5 30. Qb5 Qxb5 31. Nxb5 h4 32. Nf1 d5 33. e5 Ne8 34. Nd4 Bb4 35. R3c2 Ra8 36. Ne3 Ra2 37. Nd1 g6 38. Nc3 Ra8 39. Na4 Rdd8 40. Nc5 Bxc5 41. Rxc5 Ra2 42. Bc3 Ba6 43. Be1 h3 44. gxh3 Ra8 45. R5c2 Bd3 46. Rxa2 Rxa2 47. Rc8 1-0

[Event "Azores op 4th"]
[Site "Ponta Delgada"]
[Date "2017.12.07"]
[Round "1"]
[White "Guerra, Jose Antonio Goular"]
[Black "Torres, Ricardo Jorge Ferre"]
[Result "1-0"]
[WhiteElo "1782"]
[BlackElo "1032"]
[PlyCount "49"]
[EventDate "2017.12.07"]
[EventType "swiss"]
[EventRounds "7"]
[EventCountry "POR"]
[SourceTitle "CBM 182 Extra"]
[Source "ChessBase"]
[SourceDate "2018.02.23"]
[SourceVersion "1"]
[SourceVersionDate "2018.02.23"]
[SourceQuality "1"]

1. Nf3 c5 2. c4 g6 3. g3 Bg7 4. Bg2 Nf6 5. Nc3 0-0 6. 0-0 Nc6 7. d4 cxd4 8. Nxd4 Qc7 9. Nc2 d6 10. b3 Bd7 11. Bb2 a6 12. Rc1 Rfe8 13. Qd2 Rab8 14. Ne3 b6 15. Ncd5 Nxd5 16. cxd5 Rec8 17. Bxg7 Kxg7 18. dxc6 Be8 19. Nd5 Qd8 20. c7 Qd7 21. cxb8Q Rxb8 22. Rc7 Qd8 23. Rxe7 Bc6 24. Qd4+ Kf8 25. Qh8# 1-0

[Event "POR Cup 39th"]
[Site "Portugal"]
[Date "2017.05.27"]
[Round "3.7"]
[White "Guerra, Jose Antonio Goular"]
[Black "Sousa, Joao Francisco Silv"]
[Result "1-0"]
[WhiteElo "1801"]
[BlackElo "1943"]
[PlyCount "119"]
[EventDate "2017.03.11"]
[EventType "team-k.o."]
[EventRounds "6"]
[EventCountry "POR"]
[SourceTitle "EXT 2018"]
[Source "ChessBase"]
[SourceDate "2017.10.13"]
[SourceVersion "1"]
[SourceVersionDate "2017.10.13"]
[SourceQuality "1"]
[WhiteTeam "Operario Desportivo"]
[BlackTeam "Coimbra"]
[WhiteTeamCountry "POR"]
[BlackTeamCountry "POR"]

1. Nf3 Nf6 2. c4 b6 3. e3 Bb7 4. b3 g6 5. Be2 Bg7 6. Bb2 c5 7. 0-0 0-0 8. Qc2 Nc6 9. a3 Rc8 10. d3 Rc7 11. Nbd2 Qa8 12. Rfd1 Rfc8 13. Rac1 d6 14. Qb1 a5 15. Qc2 a4 16. bxa4 Nb8 17. Nb1 Bc6 18. Nc3 Ra7 19. Re1 Nbd7 20. Bd1 Qb7 21. Nb5 Ra6 22. Bc3 Rca8 23. Qb2 Rd8 24. e4 Bh6 25. Rb1 Nh5 26. Qa2 Ndf6 27. h3 Nf4 28. Kh2 Qc8 29. d4 cxd4 30. Bxd4 e5 31. Bc3 N6h5 32. g4 Nf6 33. Ng1 Ne6 34. f3 Bf4+ 35. Kg2 h5 36. Ne2 Bg5 37. Bd2 Bxd2 38. Qxd2 Nxe4 39. fxe4 Bxe4+ 40. Kg3 Bxb1 41. gxh5 Qxc4 42. hxg6 Bxg6 43. Rg1 Nc5 44. Kh2 Qh4 45. Bc2 e4 46. Nc7 Ra5 47. Nd5 Nd3 48. Rg4 Qf2+ 49. Rg2 Qe1 50. Ne7+ Kg7 51. Qe3 Rh5 52. Nxg6 fxg6 53. Bxd3 Qh4 54. Bxe4 Re8 55. Rxg6+ Kh8 56. Qc3+ Rhe5 57. Qf3 Rxe4 58. Ng3 Re3 59. Qf7 Qh7 60. Qf6+ 1-0

[Event "Portugal op"]
[Site "Oeiras"]
[Date "2015.09.04"]
[Round "8"]
[White "Prazeres, Tiago Pires Azevedo"]
[Black "Guerra, Jose Antonio Goular"]
[Result "0-1"]
[WhiteElo "1402"]
[BlackElo "1800"]
[PlyCount "66"]
[EventDate "2015.08.30"]
[EventType "swiss"]
[EventRounds "9"]
[EventCountry "POR"]
[SourceTitle "EXT 2016"]
[Source "ChessBase"]
[SourceDate "2015.10.08"]
[SourceVersion "1"]
[SourceVersionDate "2015.10.08"]
[SourceQuality "1"]

1. e4 c5 2. Nf3 e6 3. d4 cxd4 4. Nxd4 a6 5. Nc3 Qc7 6. a3 Nf6 7. Be3 Bc5 8. Qd2 0-0 9. f3 b5 10. Nce2 d5 11. 0-0-0 dxe4 12. fxe4 Nxe4 13. Qd3 Nf6 14. h3 Qa7 15. Bf4 Nbd7 16. Qg3 Nh5 17. Qf3 Nxf4 18. Qxf4 e5 19. Qg3 Bxd4 20. Nxd4 exd4 21. Bd3 Nc5 22. Be2 Be6 23. h4 Rac8 24. Kb1 Qc7 25. Qf3 Rfd8 26. h5 h6 27. Rhg1 Qe5 28. g4 Qg5 29. Qf2 Qe3 30. Qg2 Qg5 31. Qf2 Qd5 32. Qh4 Qa2+ 33. Kc1 Nb3# 0-1

[Event "Famalicao op 2nd"]
[Site "Famalicao"]
[Date "2014.09.06"]
[Round "7"]
[White "Guerra, Jose Antonio Goular"]
[Black "Branco, Joao Carlos Fernand"]
[Result "1/2-1/2"]
[WhiteElo "1823"]
[BlackElo "1548"]
[PlyCount "43"]
[EventDate "2014.09.01"]
[EventType "swiss"]
[EventRounds "7"]
[EventCountry "POR"]
[SourceTitle "EXT 2018"]
[Source "ChessBase"]
[SourceDate "2017.10.13"]
[SourceVersion "1"]
[SourceVersionDate "2017.10.13"]
[SourceQuality "1"]

1. Nf3 d5 2. d4 Nf6 3. Nbd2 Bf5 4. c4 c6 5. e3 e6 6. Be2 Be7 7. 0-0 0-0 8. Nh4 Bg6 9. Nxg6 hxg6 10. Qc2 Nbd7 11. b3 Rc8 12. Bb2 a6 13. Rac1 b5 14. cxd5 cxd5 15. Qb1 Qa5 16. Rfd1 Bb4 17. Nf1 Ne4 18. f3 Nc3 19. Bxc3 Bxc3 20. Rc2 b4 21. f4 Nf6 22. Bd3 1/2-1/2

[Event "Famalicao op 2nd"]
[Site "Famalicao"]
[Date "2014.09.05"]
[Round "6"]
[White "Ribeiro, Orlando Camilo Duar"]
[Black "Guerra, Jose Antonio Goular"]
[Result "0-1"]
[WhiteElo "1309"]
[BlackElo "1823"]
[PlyCount "140"]
[EventDate "2014.09.01"]
[EventType "swiss"]
[EventRounds "7"]
[EventCountry "POR"]
[SourceTitle "EXT 2018"]
[Source "ChessBase"]
[SourceDate "2017.10.13"]
[SourceVersion "1"]
[SourceVersionDate "2017.10.13"]
[SourceQuality "1"]

1. e4 c5 2. Nf3 a6 3. d4 cxd4 4. Nxd4 Nf6 5. Nc3 e5 6. Nb3 Bb4 7. Qf3 d6 8. Bd2 Bxc3 9. Bxc3 0-0 10. h3 Qc7 11. 0-0-0 Be6 12. Bd3 Nbd7 13. Qe3 Bxb3 14. axb3 Nc5 15. f3 b5 16. Bb4 Nxb3+ 17. Kb1 Nc5 18. Qd2 a5 19. Bxc5 Qxc5 20. Be2 Rfd8 21. Rhe1 b4 22. Bf1 a4 23. c3 bxc3 24. Qxc3 Qxc3 25. bxc3 Kf8 26. Kc2 Ke7 27. Ra1 Nd7 28. Reb1 Nc5 29. Bb5 d5 30. Bc6 Ra5 31. Bxd5 f5 32. Rd1 fxe4 33. fxe4 Rf8 34. Rf1 Rf6 35. Rxf6 gxf6 36. Kb2 Nd3+ 37. Ka3 Nf4 38. Ra2 Nxd5 39. exd5 Rxd5 40. Kxa4 e4 41. Re2 Re5 42. c4 Kd6 43. Kb4 f5 44. g3 h5 45. h4 Kc6 46. Ra2 Kb6 47. Rb2 Kc6 48. Kc3 Ra5 49. Rb3 Kc5 50. Kd2 Kxc4 51. Rc3+ Kd4 52. Rc8 Ra2+ 53. Ke1 Rg2 54. Rd8+ Ke3 55. Kf1 Rxg3 56. Ra8 Kf4 57. Kf2 Rh3 58. Kg2 Rxh4 59. Ra4 Rg4+ 60. Kf2 h4 61. Ra3 Rg3 62. Ra2 h3 63. Kf1 e3 64. Re2 Kf3 65. Rf2+ Ke4 66. Ra2 Rg2 67. Ra5 Rb2 68. Ra4+ Kf3 69. Ra1 h2 70. Ke1 h1Q# 0-1

[Event "Famalicao op 2nd"]
[Site "Famalicao"]
[Date "2014.09.01"]
[Round "1"]
[White "Guerra, Jose Antonio Goular"]
[Black "Oliveira, Maria Elisa Ramos"]
[Result "1-0"]
[WhiteElo "1823"]
[BlackElo "1054"]
[PlyCount "61"]
[EventDate "2014.09.01"]
[EventType "swiss"]
[EventRounds "7"]
[EventCountry "POR"]
[SourceTitle "EXT 2018"]
[Source "ChessBase"]
[SourceDate "2017.10.13"]
[SourceVersion "1"]
[SourceVersionDate "2017.10.13"]
[SourceQuality "1"]

1. Nf3 Nf6 2. c4 e6 3. e3 b6 4. Be2 Bb7 5. 0-0 Be7 6. b3 0-0 7. Bb2 d6 8. d3 Nbd7 9. Qc2 c5 10. Nbd2 d5 11. cxd5 exd5 12. Rac1 Rc8 13. Qb1 Re8 14. Rfd1 Bd6 15. d4 Re6 16. Bd3 h6 17. Bf5 Re7 18. dxc5 Bxc5 19. Bxf6 Nxf6 20. Bxc8 Qxc8 21. b4 Qe6 22. bxc5 bxc5 23. Rxc5 Ne4 24. Nxe4 dxe4 25. Nd4 Qa6 26. Rdc1 Rd7 27. Rc7 Rxc7 28. Rxc7 Bd5 29. Rc2 Bc4 30. Rb2 Bd5 31. Qa1 1-0

[Event "POR-ch prel"]
[Site "Famalicao"]
[Date "2014.07.07"]
[Round "2"]
[White "Sousa, Hugo Carneiro"]
[Black "Guerra, Jose Antonio Goular"]
[Result "1/2-1/2"]
[WhiteElo "1581"]
[BlackElo "1851"]
[PlyCount "58"]
[EventDate "2014.07.06"]
[EventType "swiss"]
[EventRounds "9"]
[EventCountry "POR"]
[SourceTitle "EXT 2015"]
[Source "ChessBase"]
[SourceDate "2014.11.20"]
[SourceVersion "1"]
[SourceVersionDate "2014.11.20"]
[SourceQuality "1"]

1. e4 c5 2. Nc3 a6 3. f4 e6 4. Nf3 d6 5. d3 Nd7 6. Be2 Qc7 7. 0-0 Ngf6 8. Qe1 Be7 9. Qg3 0-0 10. Nh4 b5 11. f5 Kh8 12. fxe6 fxe6 13. Qh3 Ne5 14. Bf4 Kg8 15. Bxe5 dxe5 16. Nf3 h6 17. Qg3 Bd6 18. Nh4 Bd7 19. Rf2 Be8 20. Raf1 Kh7 21. Bg4 Qe7 22. Qh3 Bf7 23. Rxf6 gxf6 24. Nd5 Qd8 25. Nxf6+ Kg7 26. Qg3 Kh8 27. Qe3 Kg7 28. Qg3 Kh8 29. Qe3 Kg7 1/2-1/2

[Event "POR-ch prel"]
[Site "Lisbon"]
[Date "2013.07.20"]
[Round "8.18"]
[White "Guerra, Jose Antonio Goular"]
[Black "Godinho, Marques Pedro"]
[Result "1/2-1/2"]
[WhiteElo "1880"]
[BlackElo "1936"]
[PlyCount "88"]
[EventDate "2013.07.15"]
[EventType "swiss"]
[EventRounds "9"]
[EventCountry "POR"]
[SourceTitle "EXT 2015"]
[Source "ChessBase"]
[SourceDate "2014.11.20"]
[SourceVersion "1"]
[SourceVersionDate "2014.11.20"]
[SourceQuality "1"]

1. Nf3 c5 2. c4 e6 3. Nc3 d5 4. cxd5 exd5 5. d4 Nc6 6. h3 Nf6 7. Bg5 Be7 8. e3 c4 9. Ne5 0-0 10. Nxc6 bxc6 11. Be2 Bf5 12. 0-0 Ne4 13. Nxe4 Bxe4 14. Bf4 Bd6 15. Bxd6 Qxd6 16. Bf3 Bg6 17. b3 cxb3 18. axb3 Rfb8 19. Ra6 Rb6 20. Qa1 Qb8 21. Rc1 Qb7 22. Ra3 Bd3 23. Rc3 Bb5 24. Ra5 h6 25. Bd1 a6 26. Bc2 Rb8 27. Qd1 Qe7 28. Rc5 Qc7 29. Ra1 R6b7 30. Qf3 Ra7 31. Qf5 g6 32. Qf6 Qe7 33. Qf4 Qf8 34. g4 Re8 35. h4 Kg7 36. h5 Qe7 37. Kg2 Qf6 38. Qxf6+ Kxf6 39. Rh1 Kg7 40. Rh3 Rae7 41. Rg3 Re6 42. Rc3 g5 43. Kf3 R6e7 44. Rg1 Kf6 1/2-1/2

[Event "POR-ch prel"]
[Site "Lisbon"]
[Date "2013.07.20"]
[Round "7.14"]
[White "Santos, Julio Fernandes"]
[Black "Guerra, Jose Antonio Goular"]
[Result "1-0"]
[WhiteElo "1960"]
[BlackElo "1880"]
[PlyCount "83"]
[EventDate "2013.07.15"]
[EventType "swiss"]
[EventRounds "9"]
[EventCountry "POR"]
[SourceTitle "EXT 2015"]
[Source "ChessBase"]
[SourceDate "2014.11.20"]
[SourceVersion "1"]
[SourceVersionDate "2014.11.20"]
[SourceQuality "1"]

1. e4 c5 2. Nf3 a6 3. c4 e6 4. Nc3 Qc7 5. d4 cxd4 6. Nxd4 Nf6 7. Bd3 Bb4 8. Bd2 Qd6 9. Be3 Bxc3+ 10. bxc3 Qc7 11. 0-0 Nc6 12. f4 d6 13. Rb1 0-0 14. Ne2 Nd7 15. Ng3 Nc5 16. Bc2 e5 17. f5 f6 18. Qd5+ Kh8 19. Rfd1 Rd8 20. Bxc5 dxc5 21. Qxc5 Bd7 22. Rd5 Kg8 23. Nf1 Be8 24. Ne3 Bf7 25. Rb6 Rac8 26. Ba4 Bxd5 27. exd5 Qe7 28. Qxe7 Nxe7 29. Rxb7 Kf8 30. Rb6 Rb8 31. Rxa6 Rb1+ 32. Kf2 Rb2+ 33. Kf3 Rxa2 34. d6 Nc8 35. c5 Rd2 36. Ra8 e4+ 37. Kf4 Rf2+ 38. Kg3 Re2 39. Nc4 Kf7 40. d7 Nb6 41. Rxd8 Nxc4 42. Rf8+ 1-0

[Event "POR-ch prel"]
[Site "Matosinhos"]
[Date "2012.08.08"]
[Round "5.7"]
[White "Guerra, Jose Antonio Goular"]
[Black "Ribeiro, Bruno Rafael Leite"]
[Result "0-1"]
[WhiteElo "1899"]
[BlackElo "1589"]
[PlyCount "66"]
[EventDate "2012.08.04"]
[EventType "swiss"]
[EventRounds "9"]
[EventCountry "POR"]
[SourceTitle "EXT 2015"]
[Source "ChessBase"]
[SourceDate "2014.11.20"]
[SourceVersion "1"]
[SourceVersionDate "2014.11.20"]
[SourceQuality "1"]

1. Nf3 c5 2. c4 g6 3. g3 Bg7 4. Bg2 Nc6 5. 0-0 e6 6. e3 Nge7 7. d4 cxd4 8. exd4 d5 9. c5 0-0 10. Bg5 h6 11. Bxe7 Qxe7 12. Nc3 a6 13. Qd2 g5 14. h3 Bd7 15. Rfe1 Qf6 16. Rad1 Qg6 17. Bf1 f5 18. Ne2 Bf6 19. Nh2 Rf7 20. Bg2 Kh8 21. b4 Qg7 22. a4 f4 23. g4 h5 24. Bf3 hxg4 25. Nxg4 Qh7 26. Kg2 Ne7 27. Nxf6 Rxf6 28. Bg4 f3+ 29. Bxf3 Rxf3 30. Kxf3 Qe4+ 31. Kg3 Nf5+ 32. Kh2 Nh4 33. Nf4 Nf3+ 0-1

[Event "POR-ch prel"]
[Site "Matosinhos"]
[Date "2012.08.04"]
[Round "1.22"]
[White "Oliveira, Maria Alice Ramos"]
[Black "Guerra, Jose Antonio Goular"]
[Result "0-1"]
[WhiteElo "1410"]
[BlackElo "1899"]
[PlyCount "44"]
[EventDate "2012.08.04"]
[EventType "swiss"]
[EventRounds "9"]
[EventCountry "POR"]
[SourceTitle "EXT 2015"]
[Source "ChessBase"]
[SourceDate "2014.11.20"]
[SourceVersion "1"]
[SourceVersionDate "2014.11.20"]
[SourceQuality "1"]

1. e4 c5 2. Nf3 a6 3. d4 cxd4 4. Nxd4 Nf6 5. Nc3 e5 6. Nf3 Bb4 7. Qd3 d6 8. Bd2 0-0 9. 0-0-0 Qc7 10. h3 Nbd7 11. Kb1 Nc5 12. Qe3 Bxc3 13. Bxc3 Ncxe4 14. Be1 Be6 15. Bd3 Qc6 16. Ng5 Nxg5 17. Qxg5 Rac8 18. Bc3 Nd5 19. Be1 Nf4 20. Qh4 Nxd3 21. cxd3 Qc2+ 22. Ka1 Qxd1# 0-1

[Event "POR-chT3 final"]
[Site "Vila Nova de Gaia"]
[Date "2010.08.01"]
[Round "3.2"]
[White "Ferreira, Antonio Luis"]
[Black "Guerra, Jose Antonio Goular"]
[Result "1-0"]
[WhiteElo "2193"]
[BlackElo "1943"]
[PlyCount "43"]
[EventDate "2010.07.31"]
[EventType "team-tourn"]
[EventRounds "3"]
[EventCountry "POR"]
[SourceTitle "EXT 2015"]
[Source "ChessBase"]
[SourceDate "2014.11.20"]
[SourceVersion "1"]
[SourceVersionDate "2014.11.20"]
[SourceQuality "1"]
[WhiteTeam "Figueirense"]
[BlackTeam "Lagoa Desportivo"]
[WhiteTeamCountry "POR"]
[BlackTeamCountry "POR"]

1. d4 Nf6 2. Nc3 d5 3. Bg5 e6 4. e4 dxe4 5. Bxf6 Qxf6 6. Nxe4 Qd8 7. Nf3 Be7 8. Qd2 0-0 9. 0-0-0 Nd7 10. Bd3 c5 11. dxc5 Qc7 12. Rhe1 Nxc5 13. Nxc5 Qxc5 14. Re5 Qb4 15. Qe3 h6 16. g4 Bf6 17. Rb5 Qe7 18. h4 g6 19. Qxh6 Bg7 20. Qf4 Bd7 21. Rxb7 Rfd8 22. Bb5 1-0